[Event "EU-ch Cities&Town op"]
[Site "Tornelo INT"]
[Date "2023.01.29"]
[Round "?"]
[White "Tudoroiu, Razvan Catalin"]
[Black "Mastrovasilis, Athanasios"]
[Result "0-1"]
[WhiteElo "1923"]
[BlackElo "2520"]
[PlyCount "36"]
[EventDate "2023.01.29"]
[EventType "team-swiss"]
[EventRounds "9"]
[EventCountry "NET"]
[SourceTitle "CBM 212 Extra"]
[Source "ChessBase"]
[SourceDate "2023.03.31"]
[SourceVersion "1"]
[SourceVersionDate "2023.03.31"]
[SourceQuality "1"]
[WhiteTeam "Galati CSM"]
[BlackTeam "Thessaloniki"]
[WhiteTeamCountry "ROU"]
[BlackTeamCountry "GRE"]

1. d4 d5 2. c4 e6 3. g3 Nf6 4. Bg2 Be7 5. Nf3 0-0 6. 0-0 c6 7. Nc3 a5 8. Nd2 b5 9. cxb5 cxb5 10. Nxb5 Qb6 11. a4 Nc6 12. Nb3 Ba6 13. Be3 Bxb5 14. axb5 Qxb5 15. Nc5 Ng4 16. Qd2 Nxe3 17. Qxe3 Bf6 18. Qf4 Nxd4 0-1

[Event "EU-ch Cities&Town op"]
[Site "Tornelo INT"]
[Date "2023.01.29"]
[Round "?"]
[White "Tudoroiu, Razvan Catalin"]
[Black "Perdomo Araujo, Angel Eduardo"]
[Result "1/2-1/2"]
[WhiteElo "1923"]
[BlackElo "2071"]
[PlyCount "127"]
[EventDate "2023.01.29"]
[EventType "team-swiss"]
[EventRounds "9"]
[EventCountry "NET"]
[SourceTitle "CBM 212 Extra"]
[Source "ChessBase"]
[SourceDate "2023.03.31"]
[SourceVersion "1"]
[SourceVersionDate "2023.03.31"]
[SourceQuality "1"]
[WhiteTeam "Galati CSM"]
[BlackTeam "Madrid Collado Villalba"]
[WhiteTeamCountry "ROU"]
[BlackTeamCountry "ESP"]

1. d4 Nf6 2. c4 g6 3. Nc3 d5 4. cxd5 Nxd5 5. e4 Nxc3 6. bxc3 Bg7 7. Nf3 0-0 8. Be3 c5 9. Be2 Nc6 10. 0-0 cxd4 11. cxd4 Bg4 12. d5 Bxf3 13. Bxf3 Ne5 14. Rb1 Nxf3+ 15. Qxf3 b6 16. Rfc1 Rc8 17. h4 h5 18. Bg5 Qd6 19. Qh3 Rxc1+ 20. Rxc1 Qe5 21. Qe3 Re8 22. Bf4 Qb2 23. Qd2 Qb5 24. Rc7 Qa4 25. Qc2 Qa5 26. Bd2 Qa6 27. Bc3 Bf8 28. Ba1 Bg7 29. Bxg7 Kxg7 30. e5 Qa5 31. Qe4 Qxa2 32. e6 Qa1+ 33. Kh2 fxe6 34. Qxe6 Qf6 35. Qxf6+ Kxf6 36. Rxa7 Rd8 37. Rb7 Rd6 38. g3 Ke5 39. Rxe7+ Kxd5 40. f3 b5 41. g4 hxg4 42. fxg4 b4 43. Kg3 b3 44. Rb7 Kc4 45. Kf4 Rd4+ 46. Kg5 Rd5+ 47. Kxg6 Rb5 48. Rc7+ Kd3 49. Rc1 b2 50. Rb1 Kc2 51. Rxb2+ Kxb2 52. h5 Rb6+ 53. Kg7 Rb7+ 54. Kg6 Rb6+ 55. Kg5 Rb5+ 56. Kh4 Kc3 57. h6 Rb1 58. Kh5 Kd4 59. h7 Ke4 60. Kg6 Rh1 61. Kg7 Kf4 62. g5 Kxg5 63. h8Q Rxh8 64. Kxh8 1/2-1/2